000 01776nam a2200445Ia 4500
001 dia_2201
003 CHAP
005 20240814173155.0
007 ta
008 220117s2016 mx abdofrm 001 0 spa d
010 _a177708
040 _cCHAP
_amxchpua
_erda
041 0 _aspa
090 _aTesis
_bV39
_c2016
100 1 _aVázquez Montiel, Rubén Omar
245 1 0 _aFactibilidad técnica-económica de una empacadora de jitomate (Lycopersicum esculentum Mill.) en la región indígena Amealco de Bonfil, Querétaro /
_cRubén Omar Vázquez Montiel
264 _aChapingo, México :
_bEl autor,
_c2016
300 _a104 hojas :
_bilustraciones, mapas, gráficas, diagramas, tablas, fotos +
_e1 CD-ROM
336 _2rdacontent
_atexto
_btxt
337 _2rdamedia
_ano mediado
_bn
338 _2rdacarrier
_avolumen
_bnc
500 _aEl CD contiene reporte y presentación
502 _aFormulación y Evaluación de Proyectos
_b(Ingeniero Agroindustrial) --
_cUACh. Departamento de Ingeniería Agroindustrial,
_d2016
504 _aBibliografía: hojas 100-104
650 1 3 _aIniciativa empresarial
_zMéxico
_zQueretaro
_2atg
650 1 3 _aTomates
_xPlantas empacadoras
_2atg
650 1 3 _aEntrepreneurship
_zMexico
_zQueretaro
_2atg
650 1 3 _aTomatoes
_xPacking houses
_2atg
700 1 _aMartínez Mosqueda, Francisco
_edirector
700 1 _aPonce Hernández, Pedro
_easesor
700 1 _aVelázquez Castillo, Alejandra
_easesora
856 4 1 _uhttp://10.13.5.2/tesis/sist112540.pdf
_yDESCARGAR PDF
901 _aTESIS V39 2016
902 _aM
905 _a5232272016 mx dnml8223123322spa16
942 _cTESIS
_2Clasificación Universidad Autónoma Chapingo
999 _c177708
_d177708